Normal view
MARC view
- الهنداوي، خليل؛ عبد الرحمن عطبة؛ فاضل ضياء
Entry Personal Name
001 - CONTROL NUMBER
- control field: 38212
003 - CONTROL NUMBER IDENTIFIER
- control field: JO-AjAnu
005 - DATE AND TIME OF LATEST TRANSACTION
- control field: 20230606080350.0
008 - FIXED-LENGTH DATA ELEMENTS
- fixed length control field: 230606|| aca||aabn | a|a d
040 ## - CATALOGING SOURCE
- Original cataloging agency: JO-AjAnu
- Transcribing agency: JO-AjAnu
100 ## - HEADING--PERSONAL NAME
- Personal name: الهنداوي، خليل؛ عبد الرحمن عطبة؛ فاضل ضياء
670 ## - SOURCE DATA FOUND
- Source citation: Work cat.: (JO-AjAnu)19603: الهنداوي، خليل؛ عبد الرحمن عطبة؛ فاضل ضياء, author, نماذج تطبيقية في الإعراب والبلاغة والعروض والشرح الأدبي